000 01227nab a2200289 i 4500
001 193664
003 ES-MaACL
005 20250827214824.0
007 ta
008 240202s1904 sp | |||| 000 spa
040 _aEs-MaACL
080 _a373.61
245 0 0 _aEn el Ateneo de Madrid :
_bseñores que formaron el jurado ayer para la distribución de premios a los profesores mercantiles : escribanía de bronce y mármol ofrecida por S.M. el Rey para recompensar a los profesores mercantiles
264 1 _a[Madrid] :
_bEl Gráfico,
_c1904.
300 _a1 página :
_b2 ilustraciones ;
_c30 cm
336 _aTexto
_2rdacontent
337 _asin mediación
_2rdamedia
338 _avolumen
_2rdacarrier
500 _aFotocopia de la página con dos fotografías del Ateneo de Madrid; en la inferior aparece Alfonso XIII y otros personajes, publicadas en el periódico "El Gráfico", 1 de julio de 1904
600 0 4 _aAlfonso
_bXIII,
_cRey de España
_9235132
610 2 4 _aAteneo de Madrid-
_vHistoria
_91925
650 7 _aProfesores mercantiles
_2embne
_9235657
655 4 _aFotografías
_9242033
852 4 _aES-MaACL
_cDEPOF
_j2347-F-36
_9201180
942 _2udc
_cART_PRENSA
_n0
999 _c193664
_d193664